000 00287nam a2200109Ia 4500
008 220204s9999 xx 000 0 und d
082 _a339.564
_bTRI
100 _aTRIVEDI, H M
245 0 _aShipping strategy for exports to new markets
260 _aBombay
_bHM Trivedi
_c1971
942 _cBK
999 _c22105
_d22105